00000000nam##2200000za#4500
0019.616701
003CaOODSP
00520211126112848
007ta
008150406|2004||||xxc|||||     f|0| 0 eng|d
022 |a1192-5434
040 |aCaOODSP|beng
043 |an-cn---
0861 |aFB3-2/104-2E
1102 |aBank of Canada.
24510|aExact tests of equal forecast accuracy with an application to the term structure of interest rates / |cby Richard Luger.
260 |bBank of Canada |c2004.
300 |av, 28p. : |breferences, tables ; |c28 cm.
4901 |aWorking paper|x1192-5434|v2004-2
5203 |aThis working paper is part of a series that examines a range of economic and financial issues of interest to bankers, economists and policymakers.
546 |a(Résumés en français.)
563 |aSoftcover
590 |a04-04|b2004-01-23
7201 |aLuger, Richard
7760#|tExact tests of equal forecast accuracy with an application to the term structure of interest rates / |w(CaOODSP)9.580917
830#0|aWorking paper,|x1192-5434|v2004-2|w(CaOODSP)9.514622